00678cam a2200241Ma 450000100090000000300100000900500170001900800410003602000180007702000150009503500240011003500210013403500180015504000130017305000270018608200210021310000280023424500460026225000110030826000560031930000300037565000310040510255043QERTHNCXS20220326193253.0130118s2012 cr a 000 0 spa d a9789968673174 a996867317X a(OCoLC)ocn840256603 a(OCoLC)840256603 a(NNC)10255043 aCStcSTF 4aPQ7489.3.G35bP37 2012 a863.44bG186p221 aGallardo, Helio,d1942-10aPara subir al Jomalú /cHelio Gallardo. a2. ed. aSan José Costa Rica :bEditorial Germinal,c2012. a60 p. :b1 ill. ;c22 cm. aliteraturaxcuentoszChile